000 00429nam a2200157 4500
001 132512
003 ES-MaACL
005 20230906194206.0
007 t|
008 070214s1917 sp r ||||1| spa d
100 1 _aRomán Cortés, Emilio.
_999223
245 1 0 _aHumo
_b: novela /
_cEmilio Román Cortés.
260 _aMadrid :
_b[s.n.],
_c1917 (
_fImp. Artística)
300 _a314 p. ;
_c19 cm.
852 _aES-MaACL
_jF-5590
999 _c132512
_d132512